Catálogo
 En Linea

Diccionario : (Registro nro. 37952)

Detalles MARC
000 -CABECERA
campo de control de longitud fija 00453nam a2200145 a 4500
001 - NÚMERO DE CONTROL
campo de control 000038462
005 - FECHA Y HORA DE LA ÚLTIMA TRANSACCIÓN
campo de control 20201002031251.0
008 - DATOS DE LONGITUD FIJA--INFORMACIÓN GENERAL
campo de control de longitud fija 130411s2001 dr 000 0 spa d
040 ## - FUENTE DE LA CATALOGACIÓN
Centro catalogador/agencia de origen DO-SdBNP
Lengua de catalogación spa
Centro/agencia transcriptor BNPHU
082 ## - NÚMERO DE LA CLASIFICACIÓN DECIMAL DEWEY
Número de clasificación xxxx
Número de documento/Ítem xxx
100 1# - ENTRADA PRINCIPAL--NOMBRE DE PERSONA
Nombre de persona Balaguer Navarro, Ramón Emilio
9 (RLIN) 64806
245 10 - MENCIÓN DE TÍTULO
Título Diccionario :
Resto del título usos, estilos y variedades. /
Mención de responsabilidad, etc. Ramón Emilio Balaguer Navarro.
260 ## - PUBLICACIÓN, DISTRIBUCIÓN, ETC.
Lugar de publicación, distribución, etc. Santo Domingo :
Nombre del editor, distribuidor, etc. Digdiag,
Fecha de publicación, distribución, etc. 2001.
300 ## - DESCRIPCIÓN FÍSICA
Extensión 307 p. ;
Dimensiones 23 cm.
Existencias
Estado de retiro Estado de pérdida No para préstamo Código de colección Localización permanente Ubicación/localización actual Ubicación en estantería Fecha de adquisición Número de inventario Total de préstamos Signatura topográfica completa Código de barras Fecha visto por última vez Número de copia Precio válido a partir de Tipo de ítem Koha
    Excluido de préstamo Dominicana de Servicio General General En catalogación 21.11.2013 LF1   xxxx xxx 38462-30 25.06.2020 e. 3 25.06.2020 Libro y Folleto Colección Dominicana de Servicio
    Excluido de préstamo Patrimonio Dominicano Patrimonio Dominicano Patrimonio Dominicano En catalogación 11.04.2013 LF1   xxxx xxx 38462-10 25.06.2020   25.06.2020 Libro y Folleto Colección Patrimonio Dominicano
    Excluido de préstamo Patrimonio Dominicano Patrimonio Dominicano Patrimonio Dominicano En catalogación 21.11.2013 LF1   xxxx xxx 38462-20 25.06.2020 e. 2 25.06.2020 Libro y Folleto Colección Patrimonio Dominicano

Con tecnología Koha